000 00599nam a2200217 i 4500
001 63350
003 ES-MaACL
005 20230906164833.0
007 t|
008 031209s1985 sp ||||1| spa d
020 _a84-7423-255-4
100 1 _aFerrater Mora, José.
_950338
245 1 0 _aModos de hacer filosofía /
_cJosé Ferrater Mora.
260 _aBarcelona :
_bCrítica,
_c1985.
300 _a177 p. ;
_c20 cm.
490 1 _aSerie general ;
_v141
500 _aIndice.
830 0 _aSerie general ;
_v141
_9182887
852 _aES-MaACL
_jL-10433
_bR.111365
999 _c63350
_d63350